| 000 | 00364 a2200145 4500 | ||
|---|---|---|---|
| 005 | 20250522102736.0 | ||
| 020 | _a0 907679 66 8 | ||
| 082 | _a658.544 CAL | ||
| 245 | _aBusiness Advances Level GNVQ3 | ||
| 250 | _a2rd Ed | ||
| 260 |
_aBritain, _bBusiness Education, _c1994. |
||
| 300 |
_aviii,756.: ill.; _bIndex _c25cm. |
||
| 700 | _aCALLAGHAN, P. | ||
| 942 |
_2ddc _cBKS |
||
| 999 |
_c2505 _d2505 |
||